Tipos de presidencialismo y coaliciones políticas en América Latina /

Guardat en:
Dades bibliogràfiques
Autor principal: Lanzaro, Jorge Luis
Autor corporatiu: CLACSO
Altres autors: comp
Format: Text
Publicat: Buenos Aires: CLACSO
Matèries:
Etiquetes: Afegir etiqueta
Sense etiquetes, Sigues el primer a etiquetar aquest registre!

MARC

LEADER 00000 a a2200000 04500
001 26677
003
040
090 |a 149402  
100 |a Lanzaro, Jorge Luis  
110 |a CLACSO  
245 |a Tipos de presidencialismo y coaliciones políticas en América Latina /  |c Jorge Luis Lanzaro  
260 |a Buenos Aires:   |b CLACSO  
300 |a 359 p   |b **no definido**  
500 |a Disponible en Cd, en No. 194119  
650 |a SISTEMAS POLITICOS  
650 |a DEMOCRACIA  
650 |a GOBIERNO  
650 |a PARTIDOS POLITICOS  
650 |a ESTABILIDAD POLITICA  
650 |a PLURALISMO POLITICO  
650 |a COMPORTAMIENTO POLITICO  
700 |a comp  
999 |c 15683  |d 15683